<?xml version="1.0" encoding="UTF-8"?>
<marc:record xmlns:marc="http://www.loc.gov/MARC21/slim">
   <marc:leader>00000nam a2200000 a 4500</marc:leader>
   <marc:datafield ind1="1" ind2=" " tag="100">
      <marc:subfield code="a">Williams, T.A.</marc:subfield>
      <marc:subfield code="4">aut</marc:subfield>
      <marc:subfield code="e">Verfasser/-in</marc:subfield>
   </marc:datafield>
   <marc:datafield ind1="0" ind2="0" tag="245">
      <marc:subfield code="a">Ein Sommertraum in Verona</marc:subfield>
   </marc:datafield>
   <marc:datafield ind1="0" ind2="0" tag="245">
      <marc:subfield code="b">Roman</marc:subfield>
   </marc:datafield>
   <marc:datafield ind1="0" ind2="0" tag="245">
      <marc:subfield code="c">T.A. Williams</marc:subfield>
   </marc:datafield>
   <marc:datafield ind1=" " ind2="1" tag="264">
      <marc:subfield code="a">Köln</marc:subfield>
      <marc:subfield code="b">Lübbe</marc:subfield>
      <marc:subfield code="c">2022</marc:subfield>
   </marc:datafield>
   <marc:datafield ind1="1" ind2=" " tag="520">
      <marc:subfield code="a">Die 30-jährige Suzie Cartwright kann ihr Glück kaum fassen - vier Wochen bezahlter Urlaub in Verona, welch herrliche Aussichten! Einzig Lord Tedborns Tochter Alexandra, die sie dorthin begleiten soll, könnte zur Herausforderung werden. Doch entgegen der Aussage des herrischen Vaters ist Alexandra weder launisch noch flatterhaft. Die beiden unterschiedlichen Frauen freunden sich an und lassen sich vom mediterranen Zauber der Stadt verführen. Bei einem Ausflug in geselliger Runde an den Gardasee kommt Suzie dem attraktiven Künstler Michael näher, der etwas vor ihr zu verbergen scheint. Wird sie am Ende eines zauberhaften Urlaubs ihr Herzensglück finden?</marc:subfield>
   </marc:datafield>
   <marc:datafield ind1=" " ind2=" " tag="020">
      <marc:subfield code="a">9783404188239</marc:subfield>
      <marc:subfield code="9">9783404188239</marc:subfield>
   </marc:datafield>
   <marc:datafield ind1=" " ind2=" " tag="020">
      <marc:subfield code="a">3404188233</marc:subfield>
      <marc:subfield code="9">3404188233</marc:subfield>
   </marc:datafield>
   <marc:datafield ind1=" " ind2=" " tag="300">
      <marc:subfield code="a">304 Seiten</marc:subfield>
   </marc:datafield>
</marc:record>
